000 00864naa a2200277 c 4500
001 43239
003 ES-MaCES
005 20150925133840.0
008 120904n2012 fr t 000 | fre d
035 _aCES20120008503v
040 _aES-MaCES
_bspa
_cES-MaCES
100 1 _aCollomb, Bertrand
_99818
245 1 0 _aEnterprises
_b: la concurrence franco-allemande
_cpar Bertrand Collomb
500 _aResumen
650 4 _aAlemania
_926944
650 4 _aFrancia
_926943
650 4 _arelaciones económicas
_926673
650 4 _acompetitividad
_928270
653 1 0 _aEmpresa
650 4 _928178
_aempresa
650 4 _927897
_acompetencia
773 0 _tFuturibles
_gnº 381 (janv. 2012){10324 R. 081721}; p. 55-59
_w(ES-MaCES)25335
_951872
902 _aART Artículo de revista
942 _2CES
_cAR
_h0.0.
999 _c43239
_d43239